000 01479nam0a2200349 i 4500
001 RU\NLR\bibl\1950066
005 20260405200013.0
010 _a9785903129454
_9600
021 _aRU
_b2012-63584
_94666
035 _a(NLR Aleph) 001939223
090 _a3542319
_c3542319
100 _a20121001d2012 u y0rusy50 ca
101 0 _arus
102 _aRU
105 _aa |||||||||
200 1 _aАрхитектура старого Кисловодска
_fС.В. Боглачев, С.Н. Савенко
205 _a[2-е изд., испр.и доп.]
210 _aПятигорск
_cСнег
_d2012
215 _a516, [3] с.
_cил., цв. ил., портр.
_d32
300 _aНа коробке авт. не указаны
309 _aВложено в коробку
320 _aБиблиогр.: с. 506-507
320 _aИмен. указ.: с. 508-516
607 _aКисловодск, город (Ставропольский край)
_xАрхитектура
_92420788
_3RU\NLR\auth\661441651
686 _aЩ113(2Р=Рус)92Кисловодск
700 1 _4070
_8rus
_7ca
_aБоглачев
_bС. В.
_f1954-
_gСергей Васильевич
_3RU\NLR\auth\7763431
_946360
701 1 _4070
_8rus
_7ca
_aСавенко
_bС. Н.
_cканд. ист. наук
_f1957-
_gСергей Николаевич
_3RU\NLR\AUTH\7787660
_970588
801 0 _aRU
_bNLR
_c20121001
_gRCR
801 1 _aRU
_bNLR
_c20121001
942 _cBOOK
980 _aNBR